000
00353nam a2200157Ia 4500
100
_a
Philips
650
_a
Electrical Engineering
942
_c
BK
654
_a
Video
245
_a
Video Transistors and Modules for Monitor
260
_b
Philips
_a
London
_c
1996
082
_a
621.3815
_b
SC05
300
_a
197
546
_a
ENGLISH
999
_c
18681
_d
18681